| 000 | 00790nam a2200217Ia 4500 | ||
|---|---|---|---|
| 003 | GCL | ||
| 008 | 140319s9999 xx 000 0 ara d | ||
| 020 | _a3335064977 | ||
| 040 |
_aGCL / _cGCL |
||
| 082 | 0 | 4 |
_a621.38173 _bف د |
| 100 | 1 | _aفاروق محمد العامرى | |
| 245 | 1 | 0 |
_aدوائر التحكم باستخدام الميكروبروسسور= MICROPROCESSOR CONTROL CIRCUITS / _cفاروق محمد العامرى |
| 250 | _aالاولى | ||
| 260 |
_aالقاهرة : _bمركز ناصر للدراسات الالكترونية ، _c1995 |
||
| 300 |
_a354 ص: _bايض ؛ _c24 سم |
||
| 490 | _a | ||
| 650 | 0 | 4 | _aالدوائر الالكترونية |
| 650 | 0 | 4 | _aالدوائر الكهربائية |
| 650 | 0 | 4 | _aالميكروبروسسور |
| 942 |
_2ddc _cBK |
||
| 999 |
_c55268 _d55268 |
||